Glimpses of Geo-Tourism in Andaman & Nicobar Islands/ (Record no. 190072)

MARC details
000 -LEADER
fixed length control field 00648nam a22001817a 4500
005 - DATE AND TIME OF LATEST TRANSACTION
control field 20220718124208.0
010 ## - LCCN (DPL NO)
LC control number ENG-133625
020 ## - INTERNATIONAL STANDARD BOOK NUMBER
Terms of availability 370.00
International Standard Book Number 9789389146073
035 ## - SYSTEM CONTROL NUMBER
System control number EN-117157
037 ## - SOURCE OF ACQUISITION
Source of stock number/acquisition DBAD/PUB
082 ## - DEWEY DECIMAL CLASSIFICATION NUMBER
Classification number 954.36
100 ## - MAIN ENTRY--PERSONAL NAME
Personal name Shankar, V. Shiva
245 ## - TITLE STATEMENT
Title Glimpses of Geo-Tourism in Andaman & Nicobar Islands/
Statement of responsibility, etc V. Shiva Shankar
260 ## - PUBLICATION, DISTRIBUTION, ETC. (IMPRINT)
Place of publication, distribution, etc Tamil Nadu
Name of publisher, distributor, etc SHANLAX PUBLICATIONS
Date of publication, distribution, etc 2019
270 ## - ADDRESS
Address 61,66 T.P.K. Main Road Vasantha Nagar Madurai
City Tamil Nadu
Postal code 625003
Electronic mail address publisher@shanlaxpublications.com
Telephone number 0452-4208765
300 ## - PHYSICAL DESCRIPTION
Extent 65p.
Dimensions 21.5cm(pbk)
Other physical details CONCLUSION, REFERENCE
942 ## - ADDED ENTRY ELEMENTS (KOHA)
Source of classification or shelving scheme Dewey Decimal Classification
Item type English Books
Classification part 954.36
Call number suffix SHA
Holdings
Withdrawn status Lost status Not for loan Collection code Home library Current library Date acquired Source of acquisition Cost, normal purchase price Full call number Barcode Copy number Cost, replacement price Koha item type
      Non-fiction Bawana Bawana 18/07/2022 DBAD/PUB 370.00 954.36 SHA EN-117157 1 370.00 English Books

© Delhi Public Library
Hit Counter
free hit counter